| 000 | 00659nam a22002177a 4500 | ||
|---|---|---|---|
| 003 | DO-SdBNP | ||
| 005 | 20220615121105.0 | ||
| 007 | ta | ||
| 008 | 220615b |||||||| |||| 00| 0 spa d | ||
| 020 | _a9789945606379 | ||
| 040 |
_aDO-SdBNP _bspa _cBNPHU |
||
| 082 | 4 |
_a348.027293 _bR426L _222 |
|
| 110 | _4República Dominiccna. | ||
| 245 |
_aLey 16 -19 Que prohíbe el uso de la Hooka en ligares públicos y privados _bDec. 308-06, Ley 272- 81 / |
||
| 260 |
_aSanto Domingo : _bDalis, _c[19 --?]. |
||
| 300 |
_a8 p. : _c22 cm |
||
| 590 | _aInventariado, 2022 / SA | ||
| 650 | 4 | 0 |
_93033 _aLeyes _zRepública Dominicana |
| 910 | _aSaquino | ||
| 942 |
_2ddc _cLF2 |
||
| 999 |
_c52047 _d52047 |
||